[Event "8th Open ch-Bajmok"]
[Site "Bajmok SCG"]
[Date "2005.12.28"]
[Round "4"]
[White "Petrekanovic,M"]
[Black "Maravic,Z"]
[Result "1/2-1/2"]
[WhiteElo "2087"]
[BlackElo "2099"]

1.d4 d5 2.c4 dxc4 3.Nf3 Nf6 4.e3 e6 5.Bxc4 c5 6.O-O a6 7.Bb3 Nc6 8.Nc3 cxd4
9.exd4 Be7 10.Bg5 O-O 11.Qd2 Na5 12.Bc2 b5 13.Rad1 Nc4 14.Qf4 Ra7 15.Qh4 g6
16.Ne5 Nd5 17.Bxe7 Qxe7 18.Qxe7 Nxe7 19.Nxc4 bxc4 20.Be4 Bb7 21.f3 Rd8 22.Rf2 f5
23.Bb1 Ba8 24.Re2 Kf7 25.a3 Rad7 26.Red2 Nc6 27.d5 e5 28.Ba2 Na5 29.d6 Bc6
30.f4 e4 31.Rd4 Ke6 32.Bxc4+ Nxc4 33.Rxc4 Ba8 34.Rcd4 Rxd6 35.Rxd6+ Rxd6
36.Rxd6+ Kxd6 37.b4  1/2-1/2

[Event "21st Post Open"]
[Site "Duesseldorf GER"]
[Date "2005.12.29"]
[Round "5"]
[White "Savchenko,Alek"]
[Black "Lupor,A"]
[Result "1/2-1/2"]
[WhiteElo "2041"]
[BlackElo "2269"]

1.d4 d5 2.Nf3 Nf6 3.c4 dxc4 4.e3 e6 5.Bxc4 c5 6.O-O a6 7.a4 Nc6 8.Qe2 cxd4
9.Rd1 Be7 10.exd4 O-O 11.Nc3 Nd5 12.Bd3 Ncb4 13.Bb1 b6 14.Ne5 Bb7 15.Ne4 Rc8
16.Ra3 f5 17.Ng3 Rxc1 18.Rxc1 Nf4 19.Qc4 Bxg2 20.f3 b5 21.axb5 axb5 22.Qb3 Qxd4+
23.Qe3 Qxe3+ 24.Rxe3 Bd8 25.Nd7 Rf7 26.Nc5 Bb6 27.Ne2 Nxe2+ 28.Rxe2 Bxf3
29.Rxe6 Ba7 30.Re8+ Rf8 31.Rxf8+ Kxf8 32.Kf1 Bd5 33.Nd7+ Ke7 34.Ne5 Bd4 35.Nd3 Nxd3
36.Bxd3 Bxb2 37.Rb1 Be5 38.Rxb5 Kd6 39.h3 g6 40.Ra5 Bd4 41.Be2 Ke6 42.Ra6+ Ke5
43.Ra5 Ke6 44.Ra6+ Ke5 45.Ra5  1/2-1/2

[Event "Master Open"]
[Site "Zurich SUI"]
[Date "2005.12.29"]
[Round "5"]
[White "Prusikin,M"]
[Black "Kamber,B"]
[Result "1-0"]
[WhiteElo "2564"]
[BlackElo "2315"]

1.d4 d5 2.c4 dxc4 3.Nf3 e6 4.e3 c5 5.Bxc4 Nf6 6.O-O a6 7.a4 Nc6 8.Qe2 Be7
9.Rd1 O-O 10.e4 cxd4 11.e5 Nd7 12.Bf4 Qc7 13.Nbd2 Rd8 14.h4 Nf8 15.h5 Bd7
16.Ne4 Be8 17.Rac1 Rac8 18.h6 Ng6 19.Bg3 gxh6 20.Qd2 Bf8 21.Nd6 Rxd6 22.exd6 Bxd6
23.Bxd6 Qxd6 24.Qxh6 Qf4 25.Ng5 Nce5 26.Qxh7+ Kf8 27.Nh3 Qg4 28.Qh6+ Kg8
29.Bf1 Bc6 30.Kh1 Rd8 31.Ng5 d3 32.f3 Qxa4 33.Bxd3 Be8 34.Bc2 Rxd1+ 35.Bxd1 Qf4
36.Rc8 Qh4+ 37.Qxh4 Nxh4 38.Rxe8+ Kg7 39.Rb8  1-0

[Event "14th Donau Open"]
[Site "Aschach AUT"]
[Date "2005.12.31"]
[Round "7"]
[White "Balinov,I"]
[Black "Dovzik,J"]
[Result "1-0"]
[WhiteElo "2431"]
[BlackElo "2405"]

1.Nf3 d5 2.d4 Nf6 3.c4 dxc4 4.e3 e6 5.Bxc4 c5 6.O-O a6 7.Qe2 Nc6 8.Rd1 Qc7
9.Nc3 b5 10.Bb3 Bb7 11.d5 exd5 12.Nxd5 Nxd5 13.Bxd5 Be7 14.a4 bxa4 15.Bd2 O-O
16.Bc3 Rad8 17.Qc4 Nb4 18.Qg4 g6 19.Bxb7 Qxb7 20.Ne5 Rd5 21.e4 Rxd1+ 22.Rxd1 Rd8
23.Rxd8+ Bxd8 24.Qd1 Bf6 25.Qxa4 Kg7 26.Qe8 Qe7 27.Qxe7 Bxe7 28.Nc4+ f6 29.Bxb4 cxb4
30.b3 Bc5 31.Kf1 Kf7 32.Ke2 Ke6 33.f4 h5 34.Kf3 Be7 35.g3 Bc5 36.h3 Ba7 37.g4 hxg4+
38.hxg4 Bc5 39.Ke2 Ba7 40.Kd3 Bb8 41.f5+ gxf5 42.gxf5+ Kd7 43.Ne3 a5 44.Kc4 Kd6
45.Ng4 Ba7 46.Nxf6 Ke5 47.Nd7+ Kd6 48.Nf8 a4 49.bxa4 b3 50.Kxb3 Ke5 51.Ng6+ Kxe4
52.f6  1-0

[Event "8th Hilton Schachfestival"]
[Site "Basel SUI"]
[Date "2006.01.04"]
[Round "4"]
[White "Altmann,D"]
[Black "Giertz,N"]
[Result "0-1"]
[WhiteElo "2089"]
[BlackElo "2282"]

1.d4 d5 2.c4 dxc4 3.Nf3 Nf6 4.e3 e6 5.Bxc4 c5 6.O-O Nc6 7.Nc3 Be7 8.Qe2 cxd4
9.Rd1 O-O 10.exd4 Na5 11.Bd3 b6 12.Bg5 Bb7 13.Rac1 Rc8 14.Ne5 Nd5 15.Bd2 Bg5
16.Qh5 h6 17.Bxg5 Qxg5 18.Qxg5 hxg5 19.Ne4 f6 20.Ng6 Rxc1 21.Rxc1 Rc8 22.Rxc8+ Bxc8
23.Bb5 Bb7 24.Nd6 Bc6 25.Ba6 Bd7 26.Kf1 Nb4 27.Ne7+ Kh7 28.Be2 Nac6 29.Nxc6 Nxc6
30.Bb5 Kg8 31.Nc8 Bxc8 32.Bxc6 Kf8 33.g3 Ke7 34.Ke2 Bd7 35.Bf3 Kd6 36.Kd3 Bc6
37.Bh5 Bb5+ 38.Ke3 Bc4 39.a3 Ba2 40.Bf3 a5 41.b4 axb4 42.axb4 Bc4 43.Be4 Bd5
44.Bd3 Kc6 45.Kd2 Ba2 46.Be4+ Kb5 47.Kc3 Bd5 48.Bd3+ Kc6 49.Kd2 Bg2 50.Bc4 Kd6
51.Ke3 Bc6 52.Bd3 Bd5 53.Bc2 Bc4 54.Be4 Bb5 55.Bf3 Be8 56.Bd1 Bg6 57.Bb3 Bf5
58.Bc4 Kc6 59.Kd2 g4 60.Ke3 g5 61.Kd2 Kd6 62.Ke3 Bg6 63.Kd2 Be8 64.Ke3 Bc6
65.Bb3 f5 66.Bc4 e5 67.dxe5+ Kxe5 68.Ba6 Be4 69.Bb5 f4+ 70.Kd2 Kd4 71.Ba6 Bf5
72.Bb5 Be6 73.Ba6 Bd5 74.Bc8 Kc4 75.Bxg4 Kxb4 76.gxf4 gxf4  0-1

[Event "Xstrata ch-AUS 2006"]
[Site "Brisbane AUS"]
[Date "2006.01.04"]
[Round "7"]
[White "Humphrey,J"]
[Black "Guthrie,A"]
[Result "1/2-1/2"]
[WhiteElo "2254"]
[BlackElo "2257"]

1.d4 d5 2.c4 dxc4 3.Nf3 Nf6 4.e3 c5 5.Bxc4 e6 6.O-O a6 7.Bd3 Nc6 8.Nc3 cxd4
9.exd4 Be7 10.Bg5 O-O 11.Rc1 Nb4 12.Bb1 b5 13.Bxf6 Bxf6 14.Be4 Nd5 15.Nxd5 exd5
16.Bc2 Re8 17.h3 Ra7 18.Re1  1/2-1/2

[Event "12th Open A"]
[Site "Bosnjaci CRO"]
[Date "2006.01.05"]
[Round "4"]
[White "Doric,D"]
[Black "Iveljic,I"]
[Result "1/2-1/2"]
[WhiteElo "2402"]
[BlackElo "2221"]

1.d4 d5 2.c4 dxc4 3.Nf3 Nf6 4.e3 e6 5.Bxc4 c5 6.O-O Nc6 7.Qe2 Qc7 8.Nc3 a6
9.a4 Bd6 10.b3 O-O 11.Bb2 Bd7 12.d5 exd5 13.Nxd5 Nxd5 14.Bxd5 Nb4 15.Bc4 Bg4
16.h3 Bh5 17.Qd2 Bxf3 18.Qc3 Bh2+ 19.Kh1 Be5 20.Qxe5 Qxe5 21.Bxe5 Bd5 22.Bxd5 Nxd5
23.Rfd1 Rfd8 24.Rac1 Rac8 25.Bg3 f5 26.Rd2 Rd7 27.Rdc2 b6 28.a5 Nb4 29.Rc4 Nd3
30.axb6 Nxc1 31.Rxc1 Rb7 32.Bc7 Rcxc7 33.bxc7 Rxc7 34.Rc4 a5 35.g4 fxg4 36.hxg4 Kf7
37.Kg2 Ke6 38.Ra4 Ra7 39.f4 Rb7 40.Rxa5 Rxb3 41.Kf3 Rc3 42.Ra7 Kf6 43.g5+ Kg6
44.Kg4 h5+ 45.gxh6 Kxh6 46.Ra6+ Kh7 47.e4 Rc1 48.Kf5 c4 49.Rc6 c3 50.Rc7 c2
51.Rc8 g6+ 52.Kf6 Rf1 53.Rc7+ Kh6 54.Rxc2 Rxf4+ 55.Ke5 Rf1 56.Kd6 g5 57.e5 Kg6
58.Re2 Kf7 59.e6+ Ke8  1/2-1/2

[Event "4th I.Platonov Mem"]
[Site "Kyiv UKR"]
[Date "2006.01.09"]
[Round "2"]
[White "Lutsko,I"]
[Black "Galinsky,T"]
[Result "1-0"]
[WhiteElo "2487"]
[BlackElo "2426"]

1.d4 d5 2.c4 dxc4 3.Nf3 Nf6 4.e3 e6 5.Bxc4 c5 6.O-O a6 7.Bd3 Nbd7 8.Qe2 b5
9.a4 c4 10.Bc2 Bb7 11.e4 Be7 12.Bg5 Qc7 13.Nbd2 h6 14.Bh4 Nh5 15.Bxe7 Kxe7
16.g3 Nhf6 17.d5 exd5 18.e5 Ne4 19.Nxe4 dxe4 20.Bxe4 Nc5 21.Bxb7 Qxb7 22.Nd4 Rhd8
23.Nf5+ Kf8 24.Qg4 Ne6 25.Nd6 Qd5 26.f4 Rxd6 27.exd6 Rd8 28.axb5 axb5 29.f5 Nc5
30.f6 gxf6 31.Qf4 Rxd6 32.Qxh6+ Kg8 33.Rae1 Ne4 34.Qe3 Re6 35.Rd1 Qc6 36.Qd4 Rd6
37.Qe3 Ng5 38.g4 Nf3+ 39.Kf2 Nxh2 40.Rxd6 Nxg4+ 41.Kg3 Nxe3 42.Rxc6 Nxf1+
43.Kf2 Nd2 44.Ke3 Nf1+ 45.Kd4 Kg7 46.Rb6 Kg6 47.Rxb5 f5 48.Rc5 Nd2 49.Ke3 Nb3
50.Rxc4 Kg5 51.Rc3 f4+ 52.Kd3 Na5 53.Rc5+  1-0

[Event "Keres Mem B"]
[Site "Tallin EST"]
[Date "2006.01.09"]
[Round "3"]
[White "Akesson,J"]
[Black "Jonkman,H"]
[Result "0-1"]
[WhiteElo "2346"]
[BlackElo "2470"]

1.d4 d5 2.c4 dxc4 3.e3 e6 4.Bxc4 c5 5.Nf3 Nf6 6.O-O a6 7.dxc5 Bxc5 8.Qxd8+ Kxd8
9.Rd1+ Ke7 10.b3 Nbd7 11.Bb2 b6 12.Nc3 Bb7 13.Rac1 b5 14.Bf1 Rhc8 15.Ne2 g6
16.Nf4 Ne4 17.Nd2 Nxd2 18.Rxd2 Bb4 19.Rdd1 Rxc1 20.Rxc1 Rc8 21.Rxc8 Bxc8
22.Nd3 Bd6 23.Bc3 Bb7 24.Ba5 e5 25.Nb2 Ba3 26.Nd3 Kd6 27.Nb4 e4 28.Nc2 Bc5
29.Bc3 Ne5 30.a4 bxa4 31.bxa4 Nd3 32.Bxd3 exd3 33.Nb4 Bxb4 34.Bxb4+ Kd5 35.f3 Kc4
36.Bd2 Kb3 37.Kf2 Kxa4 38.e4 Kb3 39.Ke3 Kc2 40.e5 g5 41.h3 h5 42.Ba5 h4 43.Be1 Bc6
44.Ba5 Bb5 45.Bd2 Bc4 46.Ba5 Ba2 47.Bd2 Bb3 48.Ba5 Bd5 49.Bd2 g4 50.hxg4 Bxf3
51.e6 fxe6 52.g5 Bxg2 53.g6 e5  0-1

[Event "Keres Mem B"]
[Site "Tallin EST"]
[Date "2006.01.12"]
[Round "7"]
[White "Smirnov,Arte"]
[Black "Jonkman,H"]
[Result "1-0"]
[WhiteElo "2376"]
[BlackElo "2470"]

1.d4 Nf6 2.Nf3 d5 3.c4 dxc4 4.e3 e6 5.Bxc4 c5 6.Qe2 Nc6 7.O-O a6 8.dxc5 Bxc5
9.e4 b5 10.Bb3 e5 11.Be3 Bd4 12.Bxd4 Nxd4 13.Nxd4 Qxd4 14.h3 Bb7 15.Nc3 O-O
16.Rfd1 Qb6 17.Nd5 Nxd5 18.Bxd5 Rfd8 19.Rac1 g6 20.Qg4 Kg7 21.Bxf7 Rxd1+
22.Rxd1 Rf8 23.Qe6 Qc5 24.b4 Qc3 25.Be8 Kh6 26.Qe7 Rf4 27.Qxb7  1-0

[Event "Classic"]
[Site "Queenstown NZL"]
[Date "2006.01.18"]
[Round "4"]
[White "Hecht,HJ"]
[Black "Zworestine,C"]
[Result "1-0"]
[WhiteElo "2388"]
[BlackElo "2110"]

1.d4 d5 2.c4 dxc4 3.Nf3 Nf6 4.e3 e6 5.Bxc4 c5 6.O-O Nc6 7.Qe2 Be7 8.Rd1 Bd7
9.Nc3 O-O 10.a3 a6 11.Ba2 Qc7 12.h3 Rac8 13.Bd2 cxd4 14.exd4 Rfe8 15.Bg5 h6
16.Bh4 Nh7 17.Bg3 Bd6 18.Bxd6 Qxd6 19.Ne4 Qe7 20.Ne5 Na7 21.Qh5 Rf8 22.Rd3 Bc6
23.Nc5 Nf6 24.Qh4 Nd5 25.Qg3 Bb5 26.Rf3 Be2 27.Bxd5 Bxf3 28.Bxf3 Rc7 29.Rd1 Nb5
30.Qf4 Nxd4 31.Qxd4 Rxc5 32.Nd7 Rd5 33.Bxd5 Qxd7 34.Bf3 Qb5 35.Qb4 Qxb4 36.axb4 b6
37.Ra1 Rd8 38.Rxa6 Rd6 39.b5 Kf8 40.Bc6 Rd1+ 41.Kh2 Rd2 42.f4 Rxb2 43.Rxb6 Ke7
44.Rb7+ Kf6 45.b6  1-0

[Event "Gibtelecom Masters"]
[Site "Gibraltar ENG"]
[Date "2006.01.28"]
[Round "5"]
[White "Al Sayed,Mohamad"]
[Black "Sisask,J"]
[Result "1-0"]
[WhiteElo "2470"]
[BlackElo "2196"]

1.d4 d5 2.c4 dxc4 3.e3 Nf6 4.Bxc4 e6 5.Nf3 c5 6.O-O a6 7.Qe2 b5 8.Bd3 cxd4
9.exd4 Bb7 10.a4 bxa4 11.Bg5 Be7 12.Nc3 O-O 13.Rxa4 Nc6 14.Rd1 a5 15.d5 exd5
16.Bxf6 Bxf6 17.Nxd5 g6 18.Bb5 Kh8 19.Re4 Bg7 20.h4 h6 21.b3 Re8 22.Nf6 Bxf6
23.Rxd8 Rexd8 24.Qc4 Na7 25.Qxf7 Bxe4 26.Qxf6+ Kh7 27.Qe7+ Kh8 28.Qxe4  1-0

[Event "TCh-FIN 2005-6"]
[Site "Joensuu FIN"]
[Date "2006.02.11"]
[Round "7"]
[White "Parkkinen,J"]
[Black "Anjuhin,A"]
[Result "1/2-1/2"]
[WhiteElo "2205"]
[BlackElo "2396"]

1.Nf3 d5 2.d4 Nf6 3.c4 dxc4 4.e3 e6 5.Bxc4 c5 6.O-O Nc6 7.Nc3 cxd4 8.exd4 Be7
9.d5 exd5 10.Nxd5 Nxd5 11.Qxd5 O-O 12.Bg5 Bg4 13.Bxe7 Qxd5 14.Bxd5 Nxe7 15.Be4  1/2-1/2

[Event "ch-CUB sf"]
[Site "Santa Clara CUB"]
[Date "2006.02.12"]
[Round "8"]
[White "Almeida,O"]
[Black "Vera,R"]
[Result "0-1"]
[WhiteElo "2454"]
[BlackElo "2497"]

1.d4 d5 2.Nf3 Nf6 3.c4 dxc4 4.e3 e6 5.Bxc4 c5 6.O-O a6 7.Bb3 b5 8.a4 b4 9.Nbd2 Bb7
10.a5 Nbd7 11.Ba4 Be7 12.dxc5 Bxc5 13.Nb3 O-O 14.Ne5 Nxe5 15.Nxc5 Bc6 16.Qxd8 Rfxd8
17.f4 Bxa4 18.fxe5 Bb5 19.exf6 Bxf1 20.Kxf1 Rac8 21.Nxa6 Rd1+ 22.Ke2 Rdxc1
23.Rxc1 Rxc1 24.Nxb4 Rc5 25.a6 Ra5 26.Kd3 gxf6 27.Kc4 Kf8 28.e4 Ke8 29.g3 Kd7
30.Nd3 Kd6 31.b4 Rxa6 32.Kb5 Ra2 33.Kb6 Rxh2 34.b5 Rg2 35.Nc5 Rxg3 36.e5+ Kxe5
37.Kc6 Rc3  0-1

[Event "ITT Torre Blanca"]
[Site "Buenos Aires ARG"]
[Date "2006.02.19"]
[Round "2"]
[White "Roselli Mailhe,B"]
[Black "Dos Santos,R"]
[Result "1-0"]
[WhiteElo "2401"]
[BlackElo "2376"]

1.d4 d5 2.c4 dxc4 3.Nf3 Nf6 4.e3 e6 5.Bxc4 c5 6.O-O a6 7.a4 Nc6 8.Qe2 Qc7
9.Rd1 Bd6 10.Nc3 O-O 11.Bd2 b6 12.d5 Na5 13.Ba2 Bb7 14.e4 exd5 15.Nxd5 Nxd5
16.exd5 Rfe8 17.Qd3 Rad8 18.Ng5 g6 19.Qc3 c4 20.Qd4 Bxh2+ 21.Kh1 Be5 22.Qh4 h5
23.Bxa5 bxa5 24.Qxc4 Qe7 25.Nf3 Bd6 26.Re1 Qf6 27.Qc3 Qf4 28.Qxa5 h4 29.Qb6 h3
30.Qd4 Qf5 31.Rad1 a5 32.Bc4 Bb4 33.Re3 Rxe3 34.fxe3 Bc8 35.Bf1 Re8 36.Qh4 Rxe3
37.Ng5  1-0

[Event "It"]
[Site "Soller ESP"]
[Date "2006.02.22"]
[Round "4"]
[White "Mascaro March,P"]
[Black "Souleidis,G"]
[Result "0-1"]
[WhiteElo "2359"]
[BlackElo "2433"]

1.d4 d5 2.c4 dxc4 3.Nf3 Nf6 4.e3 e6 5.Bxc4 c5 6.O-O a6 7.Bd3 Be7 8.dxc5 Bxc5
9.e4 Nc6 10.e5 Ng4 11.Qe2 Nd4 12.Nxd4 Qxd4 13.Be4 Nxe5 14.Nc3 Qc4 15.Qc2 Bd4
16.Bf4 Ng6 17.Bd6 f5 18.Bf3 Nh4 19.Rad1 Nxf3+ 20.gxf3 Bf6 21.Rfe1 Kf7 22.Be5 Bxe5
23.Rxe5 Re8 24.Qd2 Qc7 25.Qf4 Kg8 26.Nd5 Qd8 27.Qe3 Rf8 28.Nc3 Qe8 29.Ne2 Bd7
30.Nf4 Rd8 31.Nxe6 Bxe6 32.Rxd8 Qg6+ 33.Kf1 Bc4+ 34.Rd3 f4  0-1

[Event "13th Open Metalis"]
[Site "Bizovac CRO"]
[Date "2006.02.23"]
[Round "2"]
[White "Doric,D"]
[Black "Mutapcic,D"]
[Result "1-0"]
[WhiteElo "2404"]
[BlackElo "2124"]

1.d4 d5 2.c4 dxc4 3.Nf3 Nf6 4.e3 e6 5.Bxc4 c5 6.O-O Nc6 7.Qe2 a6 8.a4 Qc7
9.Nc3 Be7 10.b3 O-O 11.Bb2 b6 12.Rfd1 Bb7 13.d5 exd5 14.Nxd5 Nxd5 15.Bxd5 Rad8
16.Qc4 Kh8 17.Qg4 f6 18.Nh4 Rxd5 19.Rxd5 Bc8 20.Qh5 Kg8 21.Qd1 Be6 22.Rd3 Ne5
23.Rd2 Nf7 24.Nf3 Nh6 25.Qc2 Qb8 26.Qe4 Qc8 27.Rc1 a5 28.Nd4  1-0

[Event "It"]
[Site "Soller ESP"]
[Date "2006.02.23"]
[Round "6"]
[White "Mirzoev,A"]
[Black "Souleidis,G"]
[Result "1/2-1/2"]
[WhiteElo "2498"]
[BlackElo "2433"]

1.Nf3 d5 2.d4 Nf6 3.c4 dxc4 4.e3 e6 5.Bxc4 c5 6.O-O a6 7.dxc5 Qxd1 8.Rxd1 Bxc5
9.b3 Nbd7 10.Bb2 b6 11.Nbd2 Bb7 12.Be2 O-O  1/2-1/2

[Event "ITT Torre Blanca"]
[Site "Buenos Aires ARG"]
[Date "2006.02.24"]
[Round "9"]
[White "Albarran,G"]
[Black "Dos Santos,R"]
[Result "0-1"]
[WhiteElo "2241"]
[BlackElo "2376"]

1.d4 d5 2.c4 dxc4 3.Nf3 Nf6 4.e3 e6 5.Bxc4 c5 6.O-O a6 7.dxc5 Bxc5 8.Qxd8+ Kxd8
9.Ne5 Ke7 10.Be2 Nbd7 11.Nd3 Bd6 12.Nd2 b5 13.Bf3 Rb8 14.a4 bxa4 15.Nc4 Nc5
16.Nxc5 Bxc5 17.Ne5 Bb7 18.Bxb7 Rxb7 19.Rxa4 Rb6 20.b4 Bd6 21.Bb2 Rc8 22.g3 Rxb4
23.Rxb4 Bxb4 24.Ra1 a5 25.Nd3 Rc7 26.Ba3 Nd5 27.e4 Bxa3 28.Rxa3 Nb4 29.Nb2 Rc2
30.Na4 Ra2 31.Rxa2 Nxa2 32.Kf1 Kd6 33.Ke2 Kc6 34.Kd2 Kb5 35.Nb2 a4 36.Kc2 Nb4+
37.Kb1 a3 38.Nd1 Kc4  0-1

[Event "2nd Bundesliga Ost 2005-6"]
[Site "Austria AUT"]
[Date "2006.02.25"]
[Round "8"]
[White "Miniboeck,G"]
[Black "Brod,M"]
[Result "1/2-1/2"]
[WhiteElo "2351"]
[BlackElo "2266"]

1.d4 d5 2.c4 dxc4 3.Nf3 Nf6 4.e3 e6 5.Bxc4 c5 6.Qe2 a6 7.dxc5 Bxc5 8.O-O Nc6
9.e4 b5 10.Bb3 Nd4 11.Nxd4 Qxd4 12.Be3 Qe5 13.Bxc5 Qxc5 14.Nc3 Bb7 15.Rad1 b4
16.Na4 Qb5 17.Qe3 O-O 18.Nc5 Rfd8 19.Nxb7 Qxb7 20.e5 Nd5 21.Qe4 a5 22.Rd4 Rac8
23.Rfd1 Rc5 24.h4 Qc6 25.Kh2 h5 26.g4 hxg4 27.Qxg4 g6 28.h5 Kg7 29.hxg6 fxg6
30.Qg5 Rh8+ 31.Rh4 Rxh4+ 32.Qxh4 Qc7 33.Qd4 Qe7 34.Rg1 Rc8 35.Rg4 Rh8+ 36.Kg3 Qf7
37.Bxd5 exd5 38.e6+ Qf6 39.Qa7+ Kf8 40.Qxa5 Qe5+ 41.Rf4+ Ke7 42.Qxb4+ Kxe6
43.Qb6+ Kd7 44.Qxg6 Rf8 45.Qg4+ Kc6 46.b4 Kb5 47.a4+ Kxa4 48.Qd1+ Kb5 49.Qd3+ Ka4
50.Qa6+ Kb3 51.Qd3+ Ka4 52.Qc2+ Ka3 53.Qc1+ Ka4 54.Qc2+ Ka3 55.Qd3+ Ka4 56.Qc2+ Ka3  1/2-1/2

[Event "13th Open Metalis"]
[Site "Bizovac CRO"]
[Date "2006.02.25"]
[Round "5"]
[White "Bender,I"]
[Black "Matko,O"]
[Result "0-1"]
[WhiteElo "2307"]
[BlackElo "2132"]

1.d4 d5 2.c4 dxc4 3.Nf3 Nf6 4.e3 e6 5.Bxc4 c5 6.O-O a6 7.a3 Nc6 8.Nc3 Be7
9.Qe2 cxd4 10.Rd1 O-O 11.exd4 Nd5 12.Ne4 b5 13.Ba2 Bb7 14.Neg5 Qd6 15.Bd2 Rac8
16.Rac1 Rfd8 17.Ne4 Qb8 18.Bg5 Nf4 19.Qe3 Bxg5 20.Nexg5 Nxd4 21.Rxc8 Nde2+
22.Kh1 Qxc8 23.Rxd8+ Qxd8 24.h3 Qd1+ 25.Kh2 Qf1  0-1

[Event "2nd ch-SCG"]
[Site "Pancevo SCG"]
[Date "2006.03.02"]
[Round "4"]
[White "Abramovic,B"]
[Black "Krivokapic,M"]
[Result "1-0"]
[WhiteElo "2507"]
[BlackElo "2352"]

1.d4 d5 2.Nf3 Nf6 3.c4 e6 4.e3 dxc4 5.Bxc4 c5 6.O-O a6 7.dxc5 Qxd1 8.Rxd1 Bxc5
9.Nbd2 Nbd7 10.Be2 b6 11.Nb3 Be7 12.Nfd4 Bb7 13.f3 Rc8 14.e4 g6 15.Bf1 O-O
16.Bg5 Rc7 17.Rac1 Rfc8 18.Rxc7 Rxc7 19.Be3 Kf8 20.Nd2 Bc5 21.Nc4 e5 22.Nb3 Bxe3+
23.Nxe3 Ke7 24.Kf2 Nc5 25.Nxc5 Rxc5 26.Bc4 h5 27.h4 Rc7 28.Ke2 Bc8 29.a3 Bb7
30.g3 Bc8 31.a4 Bd7 32.Ra1 Bc8 33.Ra3 Bb7 34.Rb3 Nd7 35.Bd5 Ke8 36.Bxb7 Rxb7
37.Nd5 Kd8 38.a5 b5 39.Rc3 Nb8 40.b4 Kd7 41.Nb6+ Kd6 42.Rd3+ Ke6 43.Rd8 Nc6
44.Re8+ Re7 45.Ra8 Nxb4 46.Nd5 Nxd5 47.Rxa6+ Kd7 48.exd5 Kc8 49.Rc6+ Kb7
50.Rb6+ Kc8 51.Rxb5 Ra7 52.Ke3 Kd7 53.Ke4 f6 54.f4 exf4 55.gxf4 Rc7 56.Kd4 Rc1
57.Rb7+ Kd6 58.Rb6+ Ke7 59.a6 Rf1 60.Kc5 Rc1+ 61.Kb5  1-0

[Event "ch-USA GpA"]
[Site "San Diego USA"]
[Date "2006.03.03"]
[Round "2"]
[White "Zenyuk,I"]
[Black "Baginskaite,C"]
[Result "0-1"]
[WhiteElo "2194"]
[BlackElo "2299"]

1.d4 Nf6 2.Nf3 d5 3.c4 e6 4.e3 c5 5.Bd3 dxc4 6.Bxc4 a6 7.O-O b5 8.Be2 Bb7
9.a4 b4 10.Nbd2 cxd4 11.exd4 Be7 12.a5 O-O 13.Nc4 Nc6 14.Bf4 Nd5 15.Bg3 Rc8
16.Qd2 f6 17.Bd3 f5 18.Qe2 Rf6 19.Rfe1 b3 20.Bh4 Nf4 21.Qe3 Nxg2 22.Kxg2 Nxd4
23.Ne5 f4 24.Qd2 Nxf3 25.Nxf3 Rg6+ 26.Kf1 Bxf3 27.Bxe7 Qxe7 28.Qxf4 Rf8 29.Qe5 Qh4
30.Bxg6  0-1

[Event "1st ONGC Cup"]
[Site "Hyderabad IND"]
[Date "2006.03.05"]
[Round "10"]
[White "Sundararajan,K"]
[Black "Murali Krishnan,B"]
[Result "1-0"]
[WhiteElo "2495"]
[BlackElo "2337"]

1.d4 d5 2.c4 dxc4 3.Nf3 Nf6 4.e3 e6 5.Bxc4 c5 6.O-O a6 7.Bb3 cxd4 8.exd4 Nc6
9.Nc3 Be7 10.Bg5 O-O 11.Qd2 Qa5 12.Rad1 Rd8 13.Rfe1 Bd7 14.d5 Be8 15.Qf4 exd5
16.Bxf6 Bxf6 17.Nxd5 Bxb2 18.Ng5 h6 19.Qf5 Qxe1+ 20.Rxe1 hxg5 21.Nc7 Bf6
22.Bc2 Kf8 23.Qh7 Ne5 24.Nxa8 Rxa8 25.Qh8+ Ke7 26.Qh3 Kf8 27.Be4 Rd8 28.Bxb7 g6
29.Bxa6 Ra8 30.Qa3+ Kg7 31.Qd6 Bc6 32.Rxe5 Rxa6 33.Re8 Kh7 34.Qxf6  1-0

[Event "XXII Open"]
[Site "Reykjavik ISL"]
[Date "2006.03.09"]
[Round "4"]
[White "Palsson,S"]
[Black "Player,E"]
[Result "1/2-1/2"]
[WhiteElo "1720"]
[BlackElo "2122"]

1.d4 d5 2.Nf3 Nf6 3.c4 dxc4 4.e3 e6 5.Bxc4 c5 6.O-O a6 7.Bb3 Nc6 8.Qe2 cxd4
9.Rd1 Be7 10.Nxd4 Nxd4 11.exd4 O-O 12.Bg5 Bd7 13.Nc3 Bc6 14.d5 exd5 15.Bxf6 Bxf6
16.Bxd5 Qb6 17.Rab1 Rad8 18.Bxc6 bxc6 19.Rxd8 Rxd8 20.Rc1 h6 21.g3 Bd4 22.b3 a5  1/2-1/2

[Event "FSIMA March"]
[Site "Budapest HUN"]
[Date "2006.03.12"]
[Round "9"]
[White "Horvath,And"]
[Black "Sanchez,Lo"]
[Result "1/2-1/2"]
[WhiteElo "2329"]
[BlackElo "2301"]

1.d4 d5 2.Nf3 Nf6 3.c4 dxc4 4.e3 e6 5.Bxc4 c5 6.O-O a6 7.Qe2 b5 8.Bb3 Bb7
9.Nc3 Nbd7 10.Rd1 Qb8 11.h3 Be7 12.d5 exd5 13.Nxd5 Nxd5 14.Bxd5 Bxd5 15.Rxd5 Qb7
16.e4 O-O 17.Bg5 Rfe8 18.Bxe7 Rxe7 19.Rad1 Rae8 20.Qc2 c4 21.e5 g6 22.Qc3 Qc7
23.Re1 Nc5 24.Re3 Ne6 25.Rd6 Qb7 26.Qa5 Nc5 27.Nd4 Kg7 28.Qe1 Nd3 29.Qc3 Nf4
30.Rf3 Nd5 31.Nf5+ gxf5 32.Rxd5  1/2-1/2

[Event "ch-ARG s/f"]
[Site "Buenos Aires ARG"]
[Date "2006.03.27"]
[Round "8"]
[White "Lafuente,P"]
[Black "Valerga,D"]
[Result "1/2-1/2"]
[WhiteElo "2408"]
[BlackElo "2472"]

1.d4 d5 2.c4 c6 3.Nf3 Nf6 4.e3 e6 5.Bd3 dxc4 6.Bxc4 c5 7.O-O a6 8.dxc5 Bxc5
9.Qxd8+ Kxd8 10.Nbd2 Ke7 11.Be2 Nbd7 12.Nb3 Bd6 13.Nfd2 Nb6 14.Na5 Rb8 15.Rd1 Rd8
16.Ndc4 Nxc4 17.Nxc4 Bb4 18.Rxd8 Kxd8 19.a3 Be7 20.e4 Bd7 21.Bf4 Rc8 22.Rd1 Ke8
23.f3 Bb5 24.Rc1 Bxc4 25.Bxc4 Nd7 26.Kf2 Rc6 27.Bd3 Rxc1 28.Bxc1 Ne5 29.Be2 Bc5+
30.Ke1 Nc6 31.Bc4 Ne5 32.Be2 Nc6 33.Bc4 Ne5 34.Be2  1/2-1/2

[Event "22nd Spring Festival Open"]
[Site "Budapest HUN"]
[Date "2006.03.28"]
[Round "6"]
[White "Duong The Anh"]
[Black "Bjornsson,T"]
[Result "1/2-1/2"]
[WhiteElo "2287"]
[BlackElo "2213"]

1.Nf3 d5 2.d4 Nf6 3.c4 dxc4 4.e3 e6 5.Bxc4 c5 6.O-O a6 7.a4 Nc6 8.Nc3 Be7
9.dxc5 Qxd1 10.Rxd1 Bxc5 11.Nd2 O-O 12.Nb3 Bb4 13.f3 Bd7 14.Bd2 Rac8 15.Be2 Rfd8
16.Be1 h6 17.e4 Be8 18.Rxd8 Rxd8 19.Bf2 Na5  1/2-1/2

[Event "Open NOR-ch"]
[Site "Oslo NOR"]
[Date "2006.04.09"]
[Round "2"]
[White "Skrondal,I"]
[Black "Gabrielsen,T"]
[Result "1/2-1/2"]
[WhiteElo "2090"]
[BlackElo "2281"]

1.Nf3 d5 2.d4 Nf6 3.c4 dxc4 4.e3 e6 5.Bxc4 c5 6.O-O a6 7.a4 Nc6 8.Qe2 cxd4
9.Rd1 Be7 10.exd4 O-O 11.Nc3 Nb4 12.Bg5 Re8 13.Ne5 Bd7 14.Qf3 Bc6 15.Nxc6 Nxc6
16.d5 Nxd5 17.Bxe7 Ncxe7 18.Nxd5 Nxd5 19.Bxd5 exd5 20.Rxd5 Qe7  1/2-1/2

[Event "Open NOR-ch"]
[Site "Oslo NOR"]
[Date "2006.04.10"]
[Round "3"]
[White "Maes,T"]
[Black "Bryn,T"]
[Result "1-0"]
[WhiteElo "2179"]
[BlackElo "1994"]

1.d4 d5 2.c4 dxc4 3.Nf3 Nf6 4.e3 e6 5.Bxc4 c5 6.O-O a6 7.a4 Nc6 8.Nc3 cxd4
9.exd4 Be7 10.Re1 O-O 11.Bg5 Nb4 12.Qb3 Nc6 13.Qd1 Nb4 14.Qd2 Bd7 15.Ne5 Rc8
16.Bb3 Nfd5 17.Bxe7 Nxe7 18.Ne4 Ned5 19.Nc5 Bc6 20.Nxc6 Nxc6 21.Nxb7 Qb6
22.Bxd5 exd5 23.Nd6 Rb8 24.Nf5 Qxb2 25.Qg5 g6 26.Qf6 gxf5 27.Qxc6 Qxd4 28.Rad1 Qc4
29.Qd7 Rbd8 30.Qxf5 d4 31.Qg5+ Kh8 32.Qf6+ Kg8 33.Re4 Rfe8 34.Rg4+ Kf8 35.Qg7+ Ke7
36.Re4+  1-0

[Event "LII Nacional Abierto"]
[Site "Mexico City MEX"]
[Date "2006.04.11"]
[Round "1"]
[White "Anaya Miranda,R"]
[Black "Estrada Nieto,J"]
[Result "0-1"]
[WhiteElo "2028"]
[BlackElo "2370"]

1.d4 d5 2.c4 dxc4 3.e3 Nf6 4.Bxc4 e6 5.Nf3 c5 6.O-O a6 7.a4 Nc6 8.Nc3 Qc7
9.Qe2 Bd6 10.Rd1 O-O 11.h3 b6 12.e4 cxd4 13.Nxd4 Nxd4 14.Rxd4 Be5 15.Rd1 Bb7
16.Be3 Rad8 17.Bg5 h6 18.Bxf6 Bxf6 19.Rac1 Qe5 20.Ba2 h5 21.Rxd8 Bxd8 22.Rd1 Bc7
23.g3 h4 24.Rd3 b5 25.b4 hxg3 26.fxg3 Bb6+ 27.Kh2 Re8 28.Qf3 Bd4 29.Rxd4 Qxd4
30.Ne2 Qb2 31.Qd3 bxa4  0-1

[Event "ch-DEN"]
[Site "Aalborg DEN"]
[Date "2006.04.12"]
[Round "5"]
[White "Pedersen,Nic"]
[Black "Berg,K"]
[Result "1-0"]
[WhiteElo "2517"]
[BlackElo "2399"]

1.d4 d5 2.c4 dxc4 3.Nf3 Nf6 4.e3 e6 5.Bxc4 c5 6.O-O a6 7.Bb3 cxd4 8.exd4 Nc6
9.Nc3 Be7 10.d5 Nxd5 11.Nxd5 exd5 12.Qxd5 Be6 13.Qxd8+ Nxd8 14.Bc2 Nc6 15.Be4 O-O
16.Bg5 f6 17.Bd2 Rac8 18.Rfe1 Bc5 19.Rac1 Ne5 20.Bxb7 Rc7 21.Nxe5 fxe5 22.Bf3 Bxa2
23.Rxe5 Bd4 24.Rxc7 Bxe5 25.Rb7 Rc8 26.b3 Rb8 27.Bd5+ Kf8 28.Bb4+ Ke8 29.Bc6+ Kd8
30.Ba5+ Kc8 31.Re7  1-0

[Event "ch-DEN"]
[Site "Aalborg DEN"]
[Date "2006.04.12"]
[Round "5"]
[White "Kongsted,H"]
[Black "Hansen,SuB"]
[Result "0-1"]
[WhiteElo "2245"]
[BlackElo "2555"]

1.d4 d5 2.Nf3 Nf6 3.c4 dxc4 4.e3 e6 5.Bxc4 c5 6.O-O a6 7.Bb3 Nc6 8.Nc3 cxd4
9.exd4 Be7 10.Bg5 O-O 11.Qd2 Na5 12.Bc2 b5 13.Rad1 Bb7 14.Qf4 g6 15.d5 Nxd5
16.Qh4 f6 17.Bh6 f5 18.Bg5 Bxg5 19.Nxg5 Qd7 20.Rfe1 Rfe8 21.h3 Rac8 22.Rd4 Rc4
23.Red1 Rxd4 24.Rxd4 Qe7 25.Nxd5 Bxd5 26.a3 Rc8 27.Bd1 Nc6 28.Rd2 Ne5 29.Qg3 Qf6
30.Qh4 h5 31.Qf4 Rc4 32.Rd4 Rxd4 33.Qxd4 Qxg5 34.Kf1  0-1

[Event "Foxwoods Open"]
[Site "Ledyards USA"]
[Date "2006.04.13"]
[Round "2"]
[White "Braunlich,T"]
[Black "Rizzitano,J"]
[Result "1/2-1/2"]
[WhiteElo "2178"]
[BlackElo "2368"]

1.d4 d5 2.c4 dxc4 3.Nf3 Nf6 4.e3 e6 5.Bxc4 c5 6.O-O a6 7.Qe2 b5 8.Bd3 Bb7
9.Rd1 Nbd7 10.a4 b4 11.Nbd2 cxd4 12.exd4 Be7 13.Nc4 O-O 14.Bf4 Nd5 15.Bg3 N7f6
16.Nfe5 b3 17.Ne3 Nxe3 18.fxe3 Ne4 19.Be1 Bd6 20.Qf3 f5 21.Bc4 Qf6 22.Nd7 Qh6
23.Qh3 Qg6 24.Nxf8 Rxf8 25.Bh4 Kh8 26.Bxb3 Qh6 27.d5 e5 28.Bc2 Ng5  1/2-1/2